Fed tlačí peniaze: hrozí inflácia? Kríza, inflácia a peňažné agregáty

Opatrenia v oblasti úrokových sadzieb. Inflácia, monetaristi a školské poučky. Podoby peňazí. Peňažné agregáty v eurozóne a USA, ich vývoj a ich vzťah k inflácii. Dlhopisy a púšťanie likvidity n trh.

Gespeichert in:
Bibliographische Detailangaben
1. Verfasser: Baláž, Vladimír
Format: Buchkapitel
Sprache:Slowakisch
Schlagworte:
Tags: Tag hinzufügen
Keine Tags, Fügen Sie das erste Tag hinzu!

MARC

LEADER 00000naa$a2200000$$$4500
001 0095049
005 20231019090651.9
041 0 |a slo 
044 |a SK 
245 1 0 |a Fed tlačí peniaze: hrozí inflácia? Kríza, inflácia a peňažné agregáty  |c Vladimír Baláž 
520 |a Opatrenia v oblasti úrokových sadzieb. Inflácia, monetaristi a školské poučky. Podoby peňazí. Peňažné agregáty v eurozóne a USA, ich vývoj a ich vzťah k inflácii. Dlhopisy a púšťanie likvidity n trh. 
610 2 0 |a inflácia 
610 2 0 |a peniaze 
610 2 0 |a eurozóna 
610 2 0 |a USA 
610 2 0 |a obeh peňažný 
610 2 0 |a likvidita 
100 1 |a Baláž, Vladimír